00509 2200181 4500001002100000005001500021035002000036245008300056100002000139260003100159300003000190020002200220084001400242082000800256650001000264008004100274990001200315INLIS00000000000272520251007100555 a0010-09250000721 aErlangga RPUL Indonesia & Dunia Untuk SD. SMP, SMA dan Umum /cBambang Heru S. aBambang Heru S. aJakarta :bErlangga,c2018 a704 hlm ;c(14,5 x 21 cm) a978-602-486-064-6 a000 BAM e a000 4aFiksi251007 0  a0754927